000 00271nam a2200121Ia 4500
008 190216s9999||||xx |||||||||||||| ||und||
100 _aKunhiraman Nambiyar
245 0 _aMathilerikanni
260 _bCurrent Books
300 _a219p
650 _aKavithkal
942 _cBK
999 _c25361
_d25361